00270nam a2200121Ia 4500008004100000041001200041082001100053100001400064245002000078250000900098260003300107650000800140221030s9999 xx 000 0 und d aEnglish a105.23 aRahul/167 0aH R Recuiment a2008 aMULTISOFT SYSTEM NOIDAc2008 aMCA